书目信息 |
| 题名: |
电视照明
|
|
| 作者: | 李兴国 , 田敬改 著 | |
| 分册: | ||
| 出版信息: | 北京 中国广播电视出版社 1997 |
|
| 页数: | 235页 | |
| 开本: | 20cm | |
| 丛书名: | ||
| 单 册: | ||
| 中图分类: | J914 | |
| 科图分类: | ||
| 主题词: | 电视照明--高等学校--教材 , 电视照明 | |
| 电子资源: | ||
| ISBN: | 7-5043-3097-3 | |
| 000 | 00662nam0 2200241 450 | |
| 001 | 1252040178 | |
| 005 | 20121019142749.06 | |
| 010 | @a7-5043-3097-3@dCNY15 | |
| 100 | @a19971118d1997 em y0chiy0110 ea | |
| 101 | 0 | @achi |
| 102 | @aCN@b110000 | |
| 105 | @ay z 000yy | |
| 200 | 1 | @a电视照明@Adian shi zhao ming@f李兴国,田敬改著 |
| 210 | @a北京@c中国广播电视出版社@d1997 | |
| 215 | @a235页@d20cm | |
| 300 | @a广播电影电视部统编教材 | |
| 606 | 0 | @a电视照明@x高等学校@x教材 |
| 606 | 0 | @a电视照明 |
| 690 | @aJ914@v3 | |
| 701 | 0 | @a李兴国@Ali xing guo@4著 |
| 701 | 0 | @a田敬改@Atian jing gai@4著 |
| 801 | 0 | @aCN@bNLC@c20101222 |
| 905 | @a10447@dJ914@eJY8 | |
| 电视照明/李兴国,田敬改著.-北京:中国广播电视出版社,1997 |
| 235页;20cm |
| 广播电影电视部统编教材 |
| ISBN 7-5043-3097-3:CNY15 |
| ● |
| 相关链接 |
|
|
|
|
正题名:电视照明
索取号:J914/JY8
 
预约/预借
| 序号 | 登录号 | 条形码 | 馆藏地/架位号 | 状态 | 备注 |
| 1 | 7834927 | 278349271 | 学院路分馆/ [索取号:J914/JY8] | 在馆 | |
| 2 | 7834928 | 278349280 | 学院路分馆/ [索取号:J914/JY8] | 在馆 | |
| 3 | 7834929 | 278349299 | 学院路分馆/ [索取号:J914/JY8] | 在馆 |